000 00500nam a22001577a 4500
003 SGT
020 _a9789383864003
082 _a615.53
_bR14C
100 _aCCRS, MINISTRY OF AYUSH
245 _aREPORT OF PHARMACOLOGICAL PROFILE AND SAFETY/ TOXICITY OF YOGRAJ GUGGULU & MAHANARAYANANA TAILA
260 _aNEW DELHI
_bCCRAS
_c2024
300 _a124
650 _aAYURVEDA
653 _aREPORT , PHARMACOLOGICAL, PROFILE , SAFETY, TOXICITY , YOGRAJ, GUGGULU, MAHANARAYANANA, TAILA
942 _2ddc
_cBK
999 _c34640
_d34640